Counties of Ireland - Statistics

General Stats
  • This quiz has been taken 27 times
  • The average score is 17 of 26
Answers on the Map
Answers color-coded by a green-red scale on the quiz's map according to % correct below.
 
Answer Stats
Answer % Correct
CORK
94%
LIMERICK
88%
GALWAY
82%
KERRY
82%
DONEGAL
76%
DUBLIN
76%
MAYO
76%
MEATH
76%
SLIGO
76%
CLARE
71%
WATERFORD
71%
LAOIS
65%
LOUTH
65%
WEXFORD
65%
ROSCOMMON
59%
TIPPERARY
59%
WESTMEATH
59%
CARLOW
53%
CAVAN
53%
KILDARE
53%
KILKENNY
53%
LEITRIM
53%
LONGFORD
53%
MONAGHAN
53%
OFFALY
53%
WICKLOW
47%
No matching quizzes found
Score Distribution
Percent of People with Each Score
Percentile by Number Answered
Your Score History
You have not taken this quiz